000 01813 a2200205 4500
001 22294
005 20260407155512.0
008 260407a1970 arg spa d
003 AR-UNSa-BCEJYS
040 _aAR-UNSa-BCEJYS
_bspa
_cAR-UNSa-BCEJYS
080 _a342.9
_xDerecho Administrativo
245 1 0 _aTratado de derecho administrativo
264 1 _aBuenos Aires :
_bAbeledo Perrot
_c1970
300 _a2v. (813, 725)
_c23 cm.
505 _aContratos de la Administración pública: 1. Principios generales - 2. Contratos administrativos y contrato de derecho común de la administración pública - 3. Formación y prueba del contrato administrativo - 4. Elección del concontratante de la administración - 5. Caracteres del contrato administrativo - 6. Elementos del contrato administrativo - 7. Efectos del contrato administrativo - 8. Ejecución de los contratos administrativos - 8. Ejecución de los contratos administrativos - 9. Vicios o defectos de los contratos administrativos - 10. Terminación o finalización delos contratos administrativos - Parte II: 1. De la función o empleo público - 2. El personal de la administración pública - 3. Estructura de la relación de función o empleo público - 4. El ingreso a la función o empleo público - 5. Naturaleza jurídica de la relación de función o empleo públicos - 6. Formación de la relación de función o de empleo públicos - 7. Deberes de los funcionarios y empleados públicos - 8. Derechos de los funcionarios y empleados públicos - 9. Responsabilidad de los funcionarios públicos - 10. Extinción de la relación de función o empleo público - 11. De las contiendas en materia de relación de empleo público.
041 _aspa
942 _cBK
590 _aniveau_biblio:m niveau_hierar:0
100 1 _aMarienhoff, Miguel S.
999 _c952
_d952